000 00757nam a2200241 a 4500
001 BRCA_1259
005 20190320203342.0
008 spas20c2000----sp-a---###---#000-paspa-#
020 _a8425218233
050 4 _aND615
_b.B32 2000
100 1 _aBaxandall, Michael
_94148
245 1 0 _aPintura y vida cotidiana en el Renacimiento
_cMichael Baxandall.
250 _a4
260 _aBarcelona
_bG. Gili
_c2000.
300 _a201 p.
_bil.
_c21 cm.
500 _aIncluye índice onomástico
504 _aBibliografía : p. 190-197
650 1 4 _aPintura renacentista
_zItalia
_94149
650 1 4 _aPintura italiana
_xHistoria
_ySiglo XV
_94150
650 1 4 _aPintura
_xAspectos psicológicos
_94151
650 1 4 _aItalia
_xHistoria
_ySiglo XV
_94152
942 _2lcc
_cB
999 _c1128
_d1128